LEADER 03531nam 2200469 450 001 9910483857803321 005 20210117191211.0 010 $a3-319-40043-6 024 7 $a10.1007/978-3-319-40043-3 035 $a(CKB)4340000000061671 035 $a(DE-He213)978-3-319-40043-3 035 $a(MiAaPQ)EBC6314944 035 $a(MiAaPQ)EBC5578780 035 $a(Au-PeEL)EBL5578780 035 $a(OCoLC)992436582 035 $a(PPN)202992942 035 $a(EXLCZ)994340000000061671 100 $a20210104d2017 uy 0 101 0 $aeng 135 $aurnn#008mamaa 181 $ctxt$2rdacontent 182 $cc$2rdamedia 183 $acr$2rdacarrier 200 00$aHandbook of epoxy blends /$fJyotishkumar Parameswaranpillai [and three others] editors 205 $a1st ed. 2017. 210 1$aCham, Switzerland :$cSpringer,$d[2017] 210 4$dİ2017 215 $a1 online resource (558 illus., 164 illus. in color. eReference.) 311 $a3-319-40041-X 327 $aPart I Epoxy/Rubber Blends -- Introduction to Rubber epoxy polymers -- Novel techniques for the preparation of different rubber (CTBN, ATBN, ENR, HNR, liquid rubbers)/epoxy blends -- Miscibility and phase separation of epoxy/rubber blends -- Part II Epoxy/Thermoplastic Blends -- Introduction to epoxy/thermoplastic blends -- Part III Epoxy/Block-Copolymer Blends -- Introduction to epoxy/block-copolymer blends. 330 $aThis reference work compiles and summarizes the available information on epoxy blends. It covers all essential areas ? the synthesis, processing, characterization and applications of epoxy blends ? in a comprehensive manner. The handbook is highly application-oriented and thus serves as a valuable, authoritative reference guide for researchers, engineers, and technologists working on epoxy blends, but also for graduate and postgraduate students, polymer chemists, and faculties at universities and colleges.The handbook is divided into three parts and organized by the types of blends and components: Part I covers epoxy rubber blends, Part II focuses on epoxy thermoplastic blends, and Part III examines epoxy block-copolymer blends. Each part starts with an introduction, and the individual chapters provide readers with comprehensive information on the synthesis and processing, analysis and characterization, properties and applications of the different epoxy blends. All parts conclude with a critical evaluation of the applications, weighing their advantages and drawbacks. Leading international experts from corporate and academic research institutions and universities discuss the correlations of different epoxy blend properties with their macro-, micro- and nanostructures. This handbook thus offers a rich resource for newcomers to the field, and a major reference work for experienced researchers, the first of its kind available on the market. As epoxies find extremely broad applications, e.g. in oil & gas, in the chemical industry, building and construction industry, automotive, aviation and aerospace, boat building and marine applications, in adhesives and coatings, and many more, this handbook addresses researchers and practitioners from all these fields. 606 $aEpoxy compounds 615 0$aEpoxy compounds. 676 $a547.412 702 $aParameswaranpillai$b Jyotishkumar 801 0$bMiAaPQ 801 1$bMiAaPQ 801 2$bMiAaPQ 906 $aBOOK 912 $a9910483857803321 996 $aHandbook of Epoxy Blends$91561056 997 $aUNINA LEADER 02661nam 2200601 450 001 9910827408303321 005 20200520144314.0 010 $a1-60909-187-6 035 $a(CKB)3780000000096264 035 $a(EBL)4413889 035 $a(SSID)ssj0001624548 035 $a(PQKBManifestationID)16361851 035 $a(PQKBTitleCode)TC0001624548 035 $a(PQKBWorkID)14825954 035 $a(PQKB)11333322 035 $a(PQKBManifestationID)16194346 035 $a(PQKBWorkID)14825797 035 $a(PQKB)23183330 035 $a(MiAaPQ)EBC4413889 035 $a(OCoLC)928751376 035 $a(MdBmJHUP)muse48256 035 $a(Au-PeEL)EBL4413889 035 $a(CaPaEBR)ebr11163455 035 $a(OCoLC)945230817 035 $a(EXLCZ)993780000000096264 100 $a20160321h20162016 uy 0 101 0 $aeng 135 $aur|n|---||||| 181 $ctxt 182 $cc 183 $acr 200 00$aArea studies in the global age $ecommunity, place, identity /$fedited by Edith W. Clowes and Shelly Jarrett Bromberg ; book and cover design by Shaun Allshouse 210 1$aDeKalb, [Illinois] :$cNIU Press,$d2016. 210 4$dİ2016 215 $a1 online resource (316 p.) 300 $aDescription based upon print version of record. 311 $a0-87580-727-5 320 $aIncludes bibliographical references and index. 327 $aFront Matter; Contents; Illustrations; Acknowledgments; Preface; Introduction; PART I - Reclaiming the National Narrative; Understanding Taiwan's Colonial Past; Patriot or Saint?; History and Memory in an African Context; "Ten Million Trujillos Is All We Are"; PART I I - Borders Within; Urbanization and Urban Villagers; Place, Scale, and Self-Reliance; The Post-Soviet North Caucasus; PART I I I - Civil Society and Its Discontents; The Multiple Faces of Islamic Rebirthin Central Asia; Solidarity, Human Rights, and the Poeticsof Connection; The Art of Making Community 327 $aStreet Art contra Police AbusePART I V - Legacies of Empire and Shifting; Community, Identity, and Space in Dar esSalaam, Tanzania; The United States Confronts a New LatinAmerican Community after the Cold War; Ozbekchilik as an Ethno-Symbolist Construct; Afterword; Annotated Bibliography; Contributors; Index 606 $aArea studies 615 0$aArea studies. 676 $a909 702 $aClowes$b Edith W. 702 $aBromberg$b Shelly Jarrett 702 $aAllshouse$b Shaun 801 0$bMiAaPQ 801 1$bMiAaPQ 801 2$bMiAaPQ 906 $aBOOK 912 $a9910827408303321 996 $aArea studies in the global age$93996966 997 $aUNINA